| 000 | 01340cad a22002055a 4500 | ||
|---|---|---|---|
| 001 | L156895 | ||
| 008 | 120727e2012 xxk 000 0 eng d | ||
| 035 | _a(Sirsi) u156895 | ||
| 041 | 0 | _aeng | |
| 245 | 0 | 0 | _aLeisure Norwich II Ltd and ors v Luminar Lava Ignite Ltd (in administration) and ors |
| 260 | _c2012 | ||
| 520 | _a[2012] EWHC 951 (Ch), 28 March 2012. Landlords have no priority over other creditors of an insolvent tenant to recover pre-insolvency rent arrears, even when an administrator or liquidator makes subsequent use of their premises. Defendant LL's companies went into administration in October 2011 with rent outstanding for the September quarter. Administrators continued to trade from the defendant's premises but refused to pay the rent arrears as an expense. "Held": the administrators were not liable to pay the outstanding rent and the landlord, X-Leisure, could not recover the debt. Permission to appeal was refused. | ||
| 590 | _aKA | ||
| 650 | 2 | 4 | _aLEISURE (NORWICH) II LTD V LUMINAR LAVA IGNITE LTD (IN ADMINISTRATION) |
| 650 | 2 | 4 | _aGOLDACRE (OFFICES) LTD v NORTEL NETWORKS UK LTD (IN ADMINISTRATION) |
| 651 | 4 |
_aEngland and Wales _y1543- |
|
| 690 |
_aLandlord and tenant _96252 |
||
| 856 | 4 | 0 |
_uhttps://www.bailii.org/ew/cases/EWHC/Ch/2012/951.html _zView the law report at www.bailii.org |
| 942 | _n0 | ||
| 999 |
_c84192 _d84192 |
||